Normal view
MARC view
Entry Personal Name
001 - CONTROL NUMBER
- control field: 53535
003 - CONTROL NUMBER IDENTIFIER
- control field: OSt
005 - DATE AND TIME OF LATEST TRANSACTION
- control field: 20250521110256.0
008 - FIXED-LENGTH DATA ELEMENTS
- fixed length control field: 250521|| aca||aabn | a|a d
040 ## - CATALOGING SOURCE
- Original cataloging agency: OSt
- Transcribing agency: OSt
100 ## - HEADING--PERSONAL NAME
- Personal name: Paul, Franziska Christina
670 ## - SOURCE DATA FOUND
- Source citation: Work cat.: (OSt): Paul, Franziska Christina, The contested politics of de-privatisation and the shifting terrain of the local state: The case of the Ilm-Kreis, Thuringia, Germany
